header

Evidence-based medicine and the changing nature of health care (Record no. 14730)

MARC details
000 -LEADER
fixed length control field 01437nam a2200325Ia 4500
245 10 - TITLE STATEMENT
Title Evidence-based medicine and the changing nature of health care
260 ## - PUBLICATION, DISTRIBUTION, ETC. (IMPRINT)
Place of publication Washington, DC :
Name of publisher The National Academies Press,
Year of publication c2008.
300 ## - PHYSICAL DESCRIPTION
Number of Pages xii, 190 p. :
Other physical details ill.
490 1# - SERIES STATEMENT
Series statement The learning healthcare system series
650 #0 - SUBJECT ADDED ENTRY--TOPICAL TERM
Topical Term Evidence-based medicine
Topical Term Clinical medicine
700 1# - ADDED ENTRY--PERSONAL NAME
Personal name McClellan, Mark B.
856 40 - ELECTRONIC LOCATION AND ACCESS
Uniform Resource Identifier http://site.ebrary.com/lib/rucke/Doc?id=10255019

No items available.

© 2026 Rongo University
Contact us: librarian | system librarian | Rongo university